[Event "Collado Villalba 64 op 9th"]
[Site "Collado Villalba"]
[Date "2024.08.07"]
[Round "6"]
[White "Baldus Martin, Juan"]
[Black "Dorado Gregorio, Javier"]
[Result "1-0"]
[WhiteElo "2019"]
[BlackElo "1614"]
[PlyCount "53"]
[EventDate "2024.08.03"]
[EventType "swiss"]
[EventRounds "9"]
[EventCountry "ESP"]
[SourceTitle "EXT 2025"]
[Source "ChessBase"]
[SourceDate "2024.10.14"]
[SourceVersion "1"]
[SourceVersionDate "2024.10.14"]
[SourceQuality "1"]

1. d4 d5 2. c4 c6 3. Nc3 Nf6 4. Nf3 a6 5. cxd5 cxd5 6. Bf4 Nc6 7. e3 Bf5 8. Be2 e6 9. Qb3 Nb4 10. Rc1 Nd3+ 11. Bxd3 Bxd3 12. Ne5 Bc4 13. Qxb7 Nd7 14. Nxd7 f6 15. Nb6 e5 16. Nxa8 Bd6 17. Qc6+ Kf7 18. Nb6 exf4 19. Nxc4 dxc4 20. Qxc4+ Kg6 21. 0-0 f3 22. gxf3 h5 23. Ne4 Bxh2+ 24. Kxh2 f5 25. Rg1+ Kh7 26. Ng5+ Qxg5 27. Rxg5 1-0

[Event "Collado Villalba 64 op 9th"]
[Site "Collado Villalba"]
[Date "2024.08.04"]
[Round "3"]
[White "Dorado Gregorio, Javier"]
[Black "Gonzalez Rodriguez, Diego"]
[Result "1/2-1/2"]
[WhiteElo "1614"]
[BlackElo "1629"]
[PlyCount "79"]
[EventDate "2024.08.03"]
[EventType "swiss"]
[EventRounds "9"]
[EventCountry "ESP"]
[SourceTitle "EXT 2025"]
[Source "ChessBase"]
[SourceDate "2024.10.14"]
[SourceVersion "1"]
[SourceVersionDate "2024.10.14"]
[SourceQuality "1"]

1. d4 Nf6 2. Nf3 g6 3. Nc3 Bg7 4. e4 c6 5. a3 d6 6. Bf4 Nbd7 7. Qd2 0-0 8. 0-0-0 Re8 9. h3 Qc7 10. Bh6 c5 11. d5 Ne5 12. Nxe5 dxe5 13. Bxg7 Kxg7 14. f3 a6 15. g4 Rd8 16. h4 h5 17. gxh5 Nxh5 18. Rg1 Nf4 19. Qh2 Rh8 20. Qg3 Qd6 21. Bd3 Bd7 22. Rh1 Rh5 23. Ne2 Qf6 24. Nxf4 Qxf4+ 25. Qxf4 exf4 26. Rdg1 Rah8 27. Re1 Rxh4 28. Rhg1 e6 29. e5 exd5 30. c4 Be6 31. cxd5 Bxd5 32. Be4 Bxe4 33. Rxe4 Rh2 34. Rd1 Rf2 35. Kb1 Rhh2 36. Rd7 Rxb2+ 37. Ka1 Rbf2 38. Re1 Rxf3 39. e6 Rxa3+ 40. Kb1 1/2-1/2